| 000 | 00397nam a2200145Ia 4500 | ||
|---|---|---|---|
| 008 | 220217s9999||||xx |||||||||||||| ||und|| | ||
| 020 | _a978-0-07-066020-5 | ||
| 082 | _a658.3 ASW | ||
| 100 |
_aAswathappa, K _96352 |
||
| 245 | 0 | _aHuman Resource Management | |
| 250 | _a5th Ed | ||
| 260 |
_aTata mc graw hill ltd. _bNew Dehli _c2008 |
||
| 300 | _b365 | ||
| 650 | _aHUMAN RESOURCE MANAGEMENT | ||
| 999 |
_c178539 _d178539 |
||